|
|
|
|
| LEADER |
00000nam1a2200000 4500 |
| 001 |
157738 |
| 005 |
20231031154006.0 |
| 035 |
|
|
|a (RuTPU)RU\TPU\book\171096
|
| 090 |
|
|
|a 157738
|
| 100 |
|
|
|a 20090413d1976 m y0rusy50 ca
|
| 101 |
0 |
|
|a rus
|
| 102 |
|
|
|a BY
|
| 200 |
1 |
|
|a Химическая связь в кристаллах и их физические свойства
|e сборник статей
|e в 2 т.
|f Институт физики твердого тела и полупроводников АН БССР ; под ред. Н. Н. Сироты
|
| 210 |
|
|
|a Минск
|c Наука и техника
|d 1976
|
| 702 |
|
1 |
|a Сирота
|b Н. Н.
|g Николай Николаевич
|4 340
|
| 712 |
0 |
2 |
|a Академия наук Белорусской ССР (АН БССР)
|b Институт физики твердого тела и полупроводников
|2 stltpush
|3 (RuTPU)RU\TPU\col\11357
|
| 801 |
|
1 |
|a RU
|b 63413507
|c 20090413
|g PSBO
|
| 801 |
|
2 |
|a RU
|b 63413507
|c 20130913
|g RCR
|
| 942 |
|
|
|c BK
|